000 00575nam a2200181Ia 4500
008 151202s9999||||xx |||||||||||||| ||und||
082 _bPNVM-65399
100 _aबाणे बी. ए.
245 _aन वटलेला धनादेश.
260 _b"वैभव प्रकाशन, मुंबई."
260 _c2004
300 _a102
600 _aबाणे बी. ए.
630 _aन वटलेला धनादेश.
700 _aबाणे बी. ए.
730 _aन वटलेला धनादेश.
942 _cBOOK
999 _c1331931
_d1331928